|
|
|
|
| LEADER |
00000cam a2200000 i 4500 |
| 001 |
1/34766 |
| 008 |
130821s2010 gr | ||| |||| ||gre|| |
| 020 |
|
|
|a 9789606798474
|
| 035 |
|
|
|l 10115337
|
| 040 |
|
|
|a GR-MY-UA
|b gre
|e aacr
|
| 041 |
0 |
|
|a gre
|
| 082 |
7 |
|
|a 370.1
|2 (22)
|
| 100 |
1 |
|
|a Σκούφαλος, Μάρκος.
|
| 245 |
1 |
0 |
|a Θέσεις [και] αντιθέσεις στον "άταφο νεκρό" την παιδεία μας /
|c Μάρκος Σκούφαλος.
|
| 260 |
|
|
|a Χίος :
|b άλφα πι,
|c 2010.
|
| 300 |
|
|
|a 446 σ. ;
|c 23 εκ.
|
| 504 |
|
|
|a Περιέχει βιβλιογραφικές παραπομπές.
|
| 650 |
0 |
0 |
|a Education
|x Political aspects.
|
| 650 |
0 |
0 |
|a Education
|x Philosophy.
|
| 650 |
0 |
0 |
|a Education
|z Greece
|x Aims and objectives.
|
| 852 |
|
|
|a INST
|b LESVOS
|e 20130821
|h 370.1 ΣΚΟ
|p 005100053125
|q 005100053125
|t BK
|y 0
|
| 901 |
|
|
|a BIBL1-2013-2
|
| 970 |
|
|
|a ΤΖΑΦΕΡΗ
|b ΕΥΑΓΓΕΛΙΑ
|z 2013/08/22
|